Statistics for Golden state Warriors 2015 Roster

Click here to take the quiz!

General Stats

  • This quiz has been taken 51 times
  • The average score is 6 of 16

Answer Stats

Player % Correct
Stephen Curry
100%
Draymond Green
91%
Klay Thompson
91%
Harrison Barnes
77%
Andrew Bogut
74%
Festus Ezeli
44%
Shaun Livingston
44%
Leandro Barbosa
37%
Brandon Rush
28%
Andre Igoudala
23%
Marreese Speights
16%
James Michael McAdoo
14%
Jason Thompson
5%
Ognjen Kuzmic
2%
Chriss Babb
0%
Kevin Looney
0%

Score Distribution

Percentile by Number Answered

Percent of People with Each Score

Your Score History

You have not taken this quiz